000 00834nam a2200253Ia 4500
003 OSt
005 20220928125256.0
006 a|||||r|||| 00| 0
007 ta
008 220927b |||||||| |||| 00| 0 eng d
020 _cINR 995.00
024 _a135203
037 _b039, 06/03/2017, Excel Book International
_cTextual
040 _aSDCL
_cSDCL
_beng
041 _2eng
_aeng
082 _aY:5:(X).2'P, Q6
100 _aMehrotra Santosh
_9374467
245 0 _aRealising the demographic dividend
_b Policies to achieve inclusive growth in India
260 _aDelhi
_bCambridge University Press
_c2016
300 _axvii,477p.
_ccm.
650 _aBusiness Economics
_9391653
942 _hY:5:(X).2'P, Q6
_cTEXL
_2CC
999 _c781757
_d781757